تغيّر الاحكام الفقهية بتغير الزمان و المكان : معاير و ضوابط :دراسة منهجية لتآصيل معاير و ضوابط لقائدة تغيير الاحكام بتغيير الزمان /
Saved in:
| 主要作者: | |
|---|---|
| 其他作者: | |
| 格式: | Thesis |
| 語言: | Arabic |
| 出版: |
Petaling Jaya, Selangor :
Jami'ah al-Islamiyah al-'Alamiyah,
1998
|
| 主題: | |
| 標簽: |
添加標簽
沒有標簽, 成為第一個標記此記錄!
|
| LEADER | 014870000a22002890004500 | ||
|---|---|---|---|
| 001 | 151735 | ||
| 005 | 20100405152600.0 | ||
| 008 | 981126s1998 my 000 0 ara | ||
| 035 | |a 565067 | ||
| 035 | |a (Sirsi) 151735 | ||
| 040 | |a UIAM |b eng | ||
| 049 | |b m | ||
| 050 | |a BP144.4 | ||
| 100 | 1 | |a أبو أسنينة، عصام محمد | |
| 242 | 1 | 0 | |a Taghayyur al-ahkam al-fiqhiyah bi-taghayyur al-zaman wa-al-makan : |b ma'ayir wa-dawabit : dirasah manhajiyah li-ta'sil ma'ayir wa-dawabit li-qa'idat taghayyur al-ahkam bi-taghayyur al-azman |
| 245 | 1 | 0 | |a تغيّر الاحكام الفقهية بتغير الزمان و المكان : |b معاير و ضوابط :دراسة منهجية لتآصيل معاير و ضوابط لقائدة تغيير الاحكام بتغيير الزمان / |c عصام الدين ابو اسنينة |
| 260 | 1 | |a Petaling Jaya, Selangor : |b Jami'ah al-Islamiyah al-'Alamiyah, |c 1998 | |
| 300 | |a 151 p. ; |c 30 cm. | ||
| 500 | |a Includes bibliographical references (p. 136-151). | ||
| 502 | |a (M.A.)--al-Jami'ah al-Islamiyah al-'Alamiyah Maliziya, Kulliyat Ma'arif al-Wahy wa-al-'Ulum al-Insaniyah, 1998. | ||
| 596 | |a 1 | ||
| 650 | 0 | |a Islamic law |x Interpretation and construction | |
| 650 | 0 | |a Islamic law |x Sources | |
| 700 | 1 | 0 | |a Abu Snaineh, 'Isam Mohammed |
| 900 | |a abu-mz | ||
| 999 | |c 431176 |d 462667 | ||
| 952 | |0 0 |6 T BP 000144.4 A165T 1998 |7 0 |8 THESES |9 750859 |a IIUM |b IIUM |c MULTIMEDIA |g 0.00 |o t BP144.4A165T 1998 |p 00000565069 |r 2017-10-17 |t 1 |v 0.00 |y THESIS | ||
